Kraj opravuje zničenú cestu na Zlatú Idku

Bibliographic Details
Corporate Author: Tlačová agentúra Slovenskej republiky (Author)
Format: Article
Language:Slovak
PhysicalDescription:Fotografie
ISSN:1336-5320
Subjects:

MARC

LEADER 00000nab a2200000u 4500
001 vtls011971027
003 SK-MaSNL
005 20260304214519.0
008 200602|2020 xo ||||||| ||00 ||slo|
038 |a KEVKJB 
040 |a KEVKJB  |b slo  |e rda 
041 0 |a slo 
043 |a e-xo--- 
044 |a xo  |c SK 
072 7 |a 625  |x Pozemné komunikácie. Železničné staviteľstvo  |2 konspekt 
080 |a 625.7/.8  |2 2011 
110 2 |a Tlačová agentúra Slovenskej republiky  |4 aut  |9 177619 
245 0 0 |a Kraj opravuje zničenú cestu na Zlatú Idku  |c [autor] (tasr) 
300 |b Fotografie 
336 |a text  |b txt  |2 rdacontent 
337 |a bez média  |b n  |2 rdamedia 
338 |a zväzok  |b nc  |2 rdacarrier 
610 2 7 |a Košický samosprávny kraj (Slovensko).  |b Úrad  |2 SNKKA  |9 30611 
650 0 7 |a pozemné komunikácie  |2 SNKPH  |9 3578 
651 7 |a Košice (Slovensko)  |2 SNKPHgeo  |9 18694 
651 7 |a Zlatá Idka (Slovensko)  |2 SNKPHgeo  |9 20250 
651 7 |a Košice-okolie (Slovensko : okres)  |2 SNKPHgeo  |9 146743 
773 0 |t Košický večer  |g Roč. 53, č. 15 (2020), s. 8  |x 1336-5320 
852 |a KEVKJB  |b KIS3GCP 
999 |c 3141701  |d 3143631